| 000 | 00636nam a2200205 a 4500 | ||
|---|---|---|---|
| 005 | 20220622063709.0 | ||
| 008 | 991125s1980 es 000 0 spa u | ||
| 020 | _a8420612766 | ||
| 035 | _aUPN01000001775 | ||
| 049 | _aI | ||
| 050 | 4 |
_aPR4611 A3 _bA48 1980 |
|
| 100 | 1 |
_aCarroll, Lewis, _d1832-1898 |
|
| 245 | 1 | 0 |
_aAlicia en el país de las maravillas / _cLewis Carrol ; il. John Tenniel ; tr. y pról. Jaime de Ojeda. |
| 250 | _a7a ed. | ||
| 260 |
_aMadrid : _bAlianza, _c1980. |
||
| 300 |
_a211 p. : _bil |
||
| 440 | 3 |
_aEl libro de bolsillo. _pLiteratura ; _v276 |
|
| 650 | 0 |
_aLiteratura infantil inglesa _911046 |
|
| 905 | _aInfantil | ||
| 999 |
_c1775 _d1775 |
||